Sports Quiz

Random Sports or NFL Quiz
Score 0/50 Timer 15:00
0 Plays Today
Yards Player % Correct
170DeAndre Hopkins
94.4%
121Mike Evans
91.5%
119Davante Adams
91.5%
85T.Y. Hilton
90.1%
90Julian Edelman
88.7%
76Mike Williams
88.7%
74Damien Williams
88.7%
71Tyrell Williams
88.7%
160Alshon Jeffery
88.7%
59Brandin Cooks
88.7%
82Julio Jones
87.3%
74Robert Woods
87.3%
46Tyreek Hill
85.9%
82Larry Fitzgerald
84.5%
77Doug Baldwin
84.5%
49Antonio Brown
84.5%
59Demaryius Thomas
83.1%
49Stefon Diggs
83.1%
49Michael Thomas
83.1%
146Kenny Golladay
81.7%
51George Kittle
81.7%
76Todd Gurley II
81.7%
96Robby Anderson
80.3%
54Allen Robinson
80.3%
61Travis Kelce
78.9%
Yards Player % Correct
67Christian McCaffrey
78.9%
88Jordy Nelson
73.2%
68Chris Hogan
73.2%
75Evan Engram
70.4%
68David Johnson
66.2%
54Antonio Gates
66.2%
108Robert Foster
62%
83Dante Pettis
62%
58Willie Snead IV
60.6%
70Josh Reynolds
60.6%
63Mike Davis
54.9%
46Matt Breida
52.1%
67Jalen Richard
50.7%
46Jamison Crowder
50.7%
46Gerald Everett
49.3%
57Travis Benjamin
47.9%
65Tim Patrick
45.1%
65James Washington
45.1%
46DaeSean Hamilton
36.6%
61Garrett Celek
35.2%
53Christopher Herndon
33.8%
50Chris Manhertz
18.3%
53Tyler Conklin
16.9%
53Isaiah McKenzie
16.9%
55DeAndre Carter
12.7%
Remove Ads.
Support Sporcle.
Get the best of Sporcle when you Go Orange. This ad-free experience offers more features, more stats, and more fun while also helping to support Sporcle. Thank you for becoming a member.

You're not logged in!

Compare scores with friends on all Sporcle quizzes.
OR
Log In

Show Comments

Extras

Top Quizzes Today


Score Distribution

Your Account Isn't Verified!

In order to create a playlist on Sporcle, you need to verify the email address you used during registration. Go to your Sporcle Settings to finish the process.

Report this User

Report this user for behavior that violates our Community Guidelines.

Details: